|
|
|
|
| LEADER |
00000nam0a2200000 4500 |
| 001 |
66911 |
| 005 |
20231101212303.0 |
| 035 |
|
|
|a (RuTPU)RU\TPU\book\71237
|
| 090 |
|
|
|a 66911
|
| 100 |
|
|
|a 20040909d1983 ekmy0rusy50 ca
|
| 101 |
0 |
|
|a rus
|
| 102 |
|
|
|a RU
|
| 105 |
|
|
|a ac g 001zd
|
| 200 |
1 |
|
|a Физики
|e биографический справочник
|f Ю. А. Храмов
|g под ред. А. И. Ахиезера
|
| 205 |
|
|
|a 2-е изд., испр. и доп.
|
| 210 |
|
|
|a Москва
|c Наука
|d 1983
|
| 215 |
|
|
|a 400 с.
|c ил.
|
| 320 |
|
|
|a Библиогр.: с. 331-350
|
| 320 |
|
|
|a Предметный указатель персоналий: с. 393-399
|
| 606 |
1 |
|
|a Физики
|x Персоналии
|2 stltpush
|3 (RuTPU)RU\TPU\subj\67452
|9 83245
|
| 610 |
1 |
|
|a биографии
|
| 610 |
1 |
|
|a словари
|
| 610 |
1 |
|
|a справочники
|
| 675 |
|
|
|a 53(092)(035)
|v 3
|
| 700 |
|
1 |
|a Храмов
|b Ю. А.
|g Юрий Алексеевич
|
| 702 |
|
1 |
|a Ахиезер
|b А. И.
|4 340
|
| 801 |
|
1 |
|a RU
|b 63413507
|c 20040909
|g PSBO
|
| 801 |
|
2 |
|a RU
|b 63413507
|c 20140314
|g PSBO
|
| 942 |
|
|
|c BK
|